01503 2200433 4500001002100000005001500021035002000036007000300056008004100059020002200100082001600122084001800138100003000156245027000186300003000456650001800486700002500504700003100529700003900560700002800599700002600627700001900653700003400672700003500706700002600741700003000767264003200797336002100829337003000850338002300880040002200903090002200925090002200947850001200969999002200981990002201003990002201025990002201047INLIS00000000084919620200729124437 a0010-0719000197ta190704s2015 yoi g j ind d a978-602-280-785-804222a808.301 a808.301 CHU s0 aChusnul ChotimahePenulis10aSepenggal kisah :bkarya inovatif guru dan siswa SMA Negeri 1 Balikpapan /cChusnul Chotimah, Qori Annisa, Annisa Luthfiyyah, Fatya Hafizha Aulia Rahma, Larasati Rizki, Mutiara Dewi, ratih, Satya Sherina Ivanka, Zakiyyatul Munawwarah, Khairuzzadid, Novia Retno asih axii, 164 halaman ;c20 cm 4aCerita pendek0 aQori AnnisaePenulis0 aAnnisa LuthfiyyahePenulis0 aFatya Hafizha Aulia RahmaePenulis0 aLarasati RizkiePenulis0 aMutiara DewiePenulis0 aRatihePenulis0 aSatya Sherina IvankaePenulis0 aZakiyyatul MunawwarahePenulis0 aKhairuzzadidePenulis0 aNovia Retno asihePenulis31aSleman :bDeepublish,c2015 2rdacontentateks 2rdamediaatanpa perantara 2rdacarrieravolume aYOPDYOGbinderda aDEP 808.301 CHU s aCB-D.11 2015-2895 aYOPDYOG aCB-D.11/2015-2895 aCB-D.11/2015-2895 aCB-D.11/2015-2895 aCB-D.11/2015-2895